000 00656nam a2200205Ia 4500
003 GCL
008 140319s9999 xx 000 0 ara d
040 _aGCL /
_cGCL
082 0 4 _a350.765
_bا ق
100 1 _aالسيد خلف محمد
245 1 0 _aقضاء المخدرات: قواعد الضبط والتفتيش وتسيب الاحكام /
_cالسيد خلف محمد
260 _a[S.N] :
_bدار الطباعة الحديثة ،
_c1993
300 _a925 ص
490 _a
650 0 4 _aالقانون
650 0 4 _aادمان المخدرات
650 0 4 _aالمخدرات
650 0 4 _aمكافحة المخدرات
942 _2ddc
_cBK
999 _c53956
_d53956